Statistics for Biggest Cities in Rhode Island

Click here to take the quiz!

General Stats

  • This quiz has been taken 1,281 times
    (786 since last reset)
  • The average score is 5 of 8

Answer Stats

PopulationCity% Correct
179,335Providence
100%
80,847Warwick
71%
24,590Newport
68%
81,274Cranston
63%
71,847Pawtucket
63%
41,603Woonsocket
49%
47,476East Providence
47%
19,398Central Falls
23%

Score Distribution

Percentile by Number Answered

Percent of People with Each Score

Your Score History

You have not taken this quiz since the last reset